The declamations of Calpurnius Flaccus : text, translation, and commentary /
The excerpts from the Declamations of Calpurnius Flaccus (2nd century A.D.) are one of our major sources of knowledge concerning controversiae , model court speeches on fictitious themes. These formed the focus of Roman higher education and therefore had an enormous effect on Latin literary style an...
Main Author:
Other Authors:
Format: eBook
Language:
English
Latin
Published:
Leiden ; New York :
E.J. Brill,
1994.
Series:
Mnemosyne, Supplements
133.
Mnemosyne Supplements Online, Volumes 1-203, ISBN: 9789004381049.
Subjects:
Online Access: Login to view Source
Tags: Add Tag
Call Number: PA6271.C18 A26 1994
| LEADER | 03264cam a2200553Ii 4500 | ||
|---|---|---|---|
| 001 | BRILL9789004329386 | ||
| 003 | nllekb | ||
| 005 | 20230529211925.0 | ||
| 006 | m d | ||
| 007 | cr un uuuua | ||
| 008 | 940112s1994 ne sb 001 0 eng d | ||
| 010 | |a 94000168 | ||
| 020 | |a 9789004329386 |q (electronic book) | ||
| 020 | |z 9789004099838 |q (print) | ||
| 024 | 7 | |a 10.1163/9789004329386 |2 DOI | |
| 035 | |a (OCoLC)29752724 |z (OCoLC)1027373872 | ||
| 040 | |a NL-LeKB |c NL-LeKB |e rda | ||
| 041 | 1 | |a eng |a lat |h lat | |
| 050 | 4 | |a PA6271.C18 |b A26 1994 | |
| 072 | 7 | |a DSBB |2 bicssc | |
| 072 | 7 | |a LIT011000 |2 bisacsh | |
| 082 | 0 | 4 | |a 808.5 |2 20 |
| 100 | 0 | |a Calpurnius Flaccus. | |
| 245 | 1 | 4 | |a The declamations of Calpurnius Flaccus : |b text, translation, and commentary / |c by Lewis A. Sussman. |
| 264 | 1 | |a Leiden ; |a New York : |b E.J. Brill, |c 1994. | |
| 300 | |a 1 online resource (258 pages) | ||
| 336 | |a text |b txt |2 rdacontent | ||
| 337 | |a computer |b c |2 rdamedia | ||
| 338 | |a online resource |2 rdacarrier | ||
| 490 | 1 | |a Mnemosyne, bibliotheca classica Batava. Supplementum, |x 0169-8958 ; |v 133 | |
| 504 | |a Includes bibliographical references (p. 244-247) and index. | ||
| 505 | 0 | 0 | |t Preliminary Material / |r Lewis A. Sussman -- |t Introduction / |r Lewis A. Sussman -- |t Text and Translation / |r Lewis A. Sussman -- |t Commentary / |r Lewis A. Sussman -- |t Bibliography / |r Lewis A. Sussman -- |t Abbreviations and References / |r Lewis A. Sussman -- |t Index to the Commentary / |r Lewis A. Sussman. |
| 506 | |a Available to subscribing member institutions only. | ||
| 520 | |a The excerpts from the Declamations of Calpurnius Flaccus (2nd century A.D.) are one of our major sources of knowledge concerning controversiae , model court speeches on fictitious themes. These formed the focus of Roman higher education and therefore had an enormous effect on Latin literary style and content from the late Republic on. They also contain important indirect evidence for contemporary social history. This book provides a general introduction to the work, a new Latin text, plus the first English translation and only full modern commentary. The latter discusses the legal background and origins of the cases, points at issue, textual problems, and matters of Latin style. The volume will therefore be of interest to students of classical rhetoric, education, history, and philology. | ||
| 559 | 4 | |a PA6271.C18 A26 1994 | |
| 600 | 0 | 0 | |a Calpurnius Flaccus |x Translations into English. |
| 600 | 0 | 7 | |a Calpurnius Flaccus. |2 fast |
| 650 | 0 | |a Rhetoric, Ancient |v Problems, exercises, etc. | |
| 650 | 7 | |a Rhetoric, Ancient. |2 fast | |
| 655 | 7 | |a Problems and exercises. |2 fast | |
| 655 | 7 | |a Translations. |2 fast | |
| 700 | 1 | |a Sussman, Lewis A. | |
| 776 | 0 | 8 | |i Online version: |a Calpurnius Flaccus. |t Declamations of Calpurnius Flaccus. |d Leiden ; New York : E.J. Brill, 1994 |w (OCoLC)623574323 |
| 830 | 0 | |a Mnemosyne, Supplements |v 133. | |
| 830 | 0 | |a Mnemosyne Supplements Online, Volumes 1-203, ISBN: 9789004381049. | |
| 856 | 4 | |z DOI: |u http://dx.doi.org/10.1163/9789004329386 | |
| 942 | |2 lcc |c EBOOK | ||
| 952 | |0 0 |1 0 |2 lcc |4 0 |6 PA6271 C18 A26 01994 |7 1 |9 48581 |a BRILL |b BRILL |d 2023-05-29 |l 0 |o PA6271.C18 A26 1994 |r 2023-05-29 00:00:00 |w 2023-05-29 |y EBOOK | ||
| 999 | |c 53925 |d 53925 | ||
